Normal view MARC view

Entry Personal Name

Number of records used in: 2

001 - CONTROL NUMBER

  • control field: 34130

003 - CONTROL NUMBER IDENTIFIER

  • control field: dpl

005 - DATE AND TIME OF LATEST TRANSACTION

  • control field: 20110902111750.0

008 - FIXED-LENGTH DATA ELEMENTS

  • fixed length control field: 110902|||a|||||| | ||| d

040 ## - CATALOGING SOURCE

  • Original cataloging agency: dpl
  • Transcribing agency: dpl

100 ## - HEADING--PERSONAL NAME

  • Personal name: Chaudhary, J.K.

670 ## - SOURCE DATA FOUND

  • Source citation: Work cat.: (dpl): Chaudhary, J.K., Career in hospatility, travel and tourism industry/, 2009

670 ## - SOURCE DATA FOUND

  • Source citation: Work cat.: (dpl): Chaudhary, J.K., Career in hospatility, travel and tourism industry/, 2009

© Delhi Public Library
Hit Counter
free hit counter